Pečať veľkého umelca

Podrobná bibliografia
Hlavný autor: Rothmayerová, Gabriela, 1951- (Autor)
Médium: Článok
Jazyk:slovenčina
Predmet:

MARC

LEADER 00000nab a2200000 a 4500
001 vtls000155070
003 SK-MaSNL
005 20260302202418.0
008 111104c1983 xo 0 slo
015 |a SNBRB19rr/mm-uuuuu 
035 |a CL0165177 
040 |a SNKBUCL  |b slo  |c SNKBUCL  |e AACR2 
041 0 |a slo 
044 |a xo  |c SK 
080 |a 82:929:882  |2 1981 
080 |a 882  |2 1981 
080 |a 929 Turgenev, Ivan Sergejevič  |2 1981 
100 1 |a Rothmayerová, Gabriela,  |d 1951-  |4 aut  |9 98524 
245 1 0 |a Pečať veľkého umelca  |c Gabriela Rothmayerová 
600 1 7 |a Turgenev, Ivan Sergejevič,  |d 1818-1883  |2 snkbucl  |9 111980 
655 7 |a články z novín a časopisov  |2 snkbucl  |9 267496 
655 7 |a články z odboru literárna veda a krásna literatúra  |2 snkbucl  |9 770045 
773 0 |t Smena  |g Roč. 36, č. 208 (3. 9. 1983), s. 6 
850 |a Slovenská národná knižnica v Martine  |a MTA001 
852 |a SNK  |b KIS3GCP 
958 |a RK 
958 |a LX 
958 |a SK 
992 |a RBX 
999 |c 1464755  |d 1466685